| 000 | 00368nam a22001217a 4500 | ||
|---|---|---|---|
| 082 | _a200 THE | ||
| 100 |
_aFARAH ABID _969909 |
||
| 245 | _aTH-SOF-1327-Transfer Learning for Electroencephalogram Signals | ||
| 260 |
_aIslamabad _bNUST College of EME _c2017 |
||
| 650 | _aMS-COMPUTER ENGINEERING-81 MSTHESIS | ||
| 700 |
_aSupervisor DR ALI HASSAN _969910 |
||
| 942 | _cCF | ||
| 999 |
_c576992 _d576992 |
||